|
|
|
|
| LEADER |
00000cam a2200000 c 4500 |
| 001 |
306926954 |
| 003 |
DE-627 |
| 005 |
20251222214914.0 |
| 007 |
tu |
| 008 |
991208s1997 xxk||||| 00| ||eng c |
| 016 |
7 |
|
|a b9557530
|2 UK
|
| 020 |
|
|
|a 0863773753
|9 0-86377-375-3
|
| 035 |
|
|
|a (DE-627)306926954
|
| 035 |
|
|
|a (DE-576)081903227
|
| 035 |
|
|
|a (DE-599)GBV306926954
|
| 035 |
|
|
|a (OCoLC)174237931
|
| 040 |
|
|
|a DE-627
|b ger
|c DE-627
|e rakwb
|
| 041 |
|
|
|a eng
|
| 044 |
|
|
|c XA-GB
|
| 082 |
0 |
|
|a 266.0092'2
|
| 084 |
|
|
|a CP 4000
|2 rvk
|0 (DE-625)rvk/18984:
|
| 084 |
|
|
|a 77.31
|2 bkl
|
| 100 |
1 |
|
|0 (DE-588)132654032
|0 (DE-627)525161767
|0 (DE-576)160897238
|4 aut
|a Eysenck, Michael W.
|d 1944-
|
| 109 |
|
|
|a Eysenck, Michael W. 1944-
|a Eysenck, Michael 1944-
|a Eysenck, Michael William 1944-
|
| 245 |
1 |
0 |
|a Cognitive psychology
|b a student's handbook
|c Michael W. Eysenck; Mark T. Keane
|
| 250 |
|
|
|a 3. ed., reprinted
|
| 264 |
|
1 |
|a Hove
|b Psychology Press
|c 1997
|
| 300 |
|
|
|a XIV, 542 S
|b Ill., zahlr. graph. Darst
|
| 336 |
|
|
|a Text
|b txt
|2 rdacontent
|
| 337 |
|
|
|a ohne Hilfsmittel zu benutzen
|b n
|2 rdamedia
|
| 338 |
|
|
|a Band
|b nc
|2 rdacarrier
|
| 500 |
|
|
|a Literaturverz. S. 473 - 516
|
| 601 |
|
|
|a Psychologie
|
| 601 |
|
|
|a Student
|
| 650 |
|
4 |
|a Cognitive Psychology
|
| 689 |
0 |
0 |
|d s
|0 (DE-588)4073586-2
|0 (DE-627)106092022
|0 (DE-576)209190922
|2 gnd
|a Kognitive Psychologie
|
| 689 |
0 |
|
|5 (DE-627)
|
| 700 |
1 |
|
|8 1\p
|0 (DE-588)135700221
|0 (DE-627)569734665
|0 (DE-576)300594917
|4 aut
|a Keane, Mark T.
|d 1961-
|
| 883 |
|
|
|8 1\p
|a cgwrk
|d 20241001
|q DE-101
|u https://d-nb.info/provenance/plan#cgwrk
|
| 935 |
|
|
|a mteo
|
| 935 |
|
|
|i Blocktest
|
| 936 |
r |
v |
|a CP 4000
|b Kognitive Prozesse (Denken, Urteil, Problemlösen, Begriffsbildung, Assoziation)
|k Psychologie
|k Allgemeine Psychologie
|k Kognitive Prozesse (Denken, Urteil, Problemlösen, Begriffsbildung, Assoziation)
|0 (DE-627)1271169363
|0 (DE-625)rvk/18984:
|0 (DE-576)201169363
|
| 936 |
b |
k |
|a 77.31
|j Kognition
|0 (DE-627)106413031
|
| 951 |
|
|
|a BO
|
| ELC |
|
|
|b 1
|
| ORI |
|
|
|a SA-MARC-ixtheo_oa001.raw
|
| STA |
0 |
0 |
|a Cognitive psychology
|
| STB |
0 |
0 |
|a Psychologie cognitive
|
| STC |
0 |
0 |
|a Psicología cognitiva
|
| STD |
0 |
0 |
|a Psicologia cognitiva
|
| STE |
0 |
0 |
|a 认知心理学
|
| STF |
0 |
0 |
|a 認知心理學
|
| STG |
0 |
0 |
|a Psicologia cognitiva
|
| STH |
0 |
0 |
|a Когнитивная психология
|
| STI |
0 |
0 |
|a Γνωστική ψυχολογία
|
| SYG |
0 |
0 |
|a Kognitionspsychologie,Kognitive Theorie
|